[Event "XXV Festival Conca della Presolana A"]
[Site "Bratto - Castione della Presolana ITA"]
[Date "2005.08.22"]
[Round "3"]
[White "Iordachescu, Viorel"]
[Black "Jones, Gawain C.B."]
[Result "1-0"]
[WhiteElo "2606"]
[BlackElo "2442"]
[PlyCount "69"]
[EventDate "2005.08.20"]

1. c4 c5 2. Nc3 Nc6 3. Nf3 Nd4 4. e3 Nxf3+ 5. Qxf3 g6 6. b3 Bg7 7. Bb2 d6 8. g4
Nf6 9. g5 Nd7 10. h4 h6 11. Qg2 Rb8 12. h5 gxh5 13. gxh6 Bf8 14. Rxh5 Nf6 15.
Nd5 e5 16. Nxf6+ Qxf6 17. f4 Rxh6 18. fxe5 Qh8 19. Rxh6 Bxh6 20. O-O-O Bg7 21.
d4 dxe5 22. dxc5 Bd7 23. Be2 Bc6 24. Bf3 Qh6 25. Bxc6+ bxc6 26. Qg3 f6 27. Qf3
Rc8 28. Rd6 Qg5 29. Qh3 f5 30. Rd2 Bh6 31. Kc2 Qxe3 32. Qh5+ Ke7 33. Re2 Qg5
34. Rxe5+ Kd8 35. Re8+ 1-0

[Event "XXV Festival Conca della Presolana A"]
[Site "Bratto - Castione della Presolana ITA"]
[Date "2005.08.22"]
[Round "3"]
[White "Lalic, Bogdan"]
[Black "Vancini, Edoardo"]
[Result "1-0"]
[WhiteElo "2491"]
[BlackElo "2282"]
[PlyCount "49"]
[EventDate "2005.08.20"]

1. d4 f5 2. Nc3 d5 3. Bf4 Nf6 4. e3 e6 5. Nb5 Na6 6. c4 Bb4+ 7. Nc3 Ne4 8. Nge2
c5 9. a3 Ba5 10. f3 Nd6 11. cxd5 cxd4 12. Qxd4 O-O 13. dxe6 Nb5 14. Qxd8 Rxd8
15. e7 Re8 16. b4 Nxb4 17. axb4 Bxb4 18. O-O-O Nxc3 19. Nxc3 Be6 20. Nd5 Bxe7
21. Nc7 Ba3+ 22. Kb1 Rac8 23. Nxe8 Bb3 24. Nd6 Rc6 25. Bc4+ 1-0

[Event "XXV Festival Conca della Presolana A"]
[Site "Bratto - Castione della Presolana ITA"]
[Date "2005.08.22"]
[Round "3"]
[White "Lanzani, Mario"]
[Black "Drazic, Sinisa"]
[Result "1/2-1/2"]
[WhiteElo "2356"]
[BlackElo "2497"]
[PlyCount "71"]
[EventDate "2005.08.20"]

1. e4 g6 2. d4 Bg7 3. Nf3 d6 4. Be2 Nf6 5. Nc3 O-O 6. O-O a6 7. Re1 Nc6 8. d5
Ne5 9. Nxe5 dxe5 10. Bg5 h6 11. Be3 Kh7 12. a4 Ne8 13. a5 Nd6 14. f3 f5 15. Qd3
f4 16. Bf2 h5 17. Na4 g5 18. h3 Rf6 19. c4 Rg6 20. Nc5 Qg8 21. Rad1 Bf6 22. Ne6
Bxe6 23. dxe6 Qxe6 24. c5 Nb5 25. Qd5 Qxd5 26. Rxd5 Rgg8 27. Red1 Kg6 28. Rd7
Rgc8 29. Bxb5 axb5 30. b4 Kf7 31. Kf1 Ke8 32. Ke2 Ra6 33. R1d2 Rc6 34. Rd1 h4
35. R1d2 Ra6 36. Rd1 1/2-1/2

[Event "XXV Festival Conca della Presolana A"]
[Site "Bratto - Castione della Presolana ITA"]
[Date "2005.08.22"]
[Round "3"]
[White "Lovati, Paolo"]
[Black "Bertagia, Roldano"]
[Result "0-1"]
[WhiteElo "2081"]
[BlackElo "2002"]
[PlyCount "58"]
[EventDate "2005.08.20"]

1. c4 e5 2. g3 f5 3. Bg2 Nf6 4. Nc3 Nc6 5. d3 Bc5 6. Na4 Be7 7. e3 O-O 8. Ne2
d5 9. cxd5 Nxd5 10. Qb3 Bb4+ 11. Nac3 Be6 12. Qc2 f4 13. gxf4 exf4 14. exf4 Qh4
15. Bd2 Rad8 16. a3 Bxc3 17. bxc3 Rfe8 18. Kf1 Kh8 19. Rb1 b6 20. Qa4 Ne5 21.
Be4 Bh3+ 22. Ke1 Ng4 23. Ng3 Bg2 24. Rg1 Bf3 25. Qc4 Qxh2 26. Rf1 Nxf2 27. Rxf2
Qxg3 28. Kf1 Qh3+ 29. Kg1 Qh1# 0-1

[Event "XXV Festival Conca della Presolana A"]
[Site "Bratto - Castione della Presolana ITA"]
[Date "2005.08.22"]
[Round "3"]
[White "Maiorov, Nikita"]
[Black "Khenkin, Igor"]
[Result "1/2-1/2"]
[WhiteElo "2453"]
[BlackElo "2610"]
[PlyCount "28"]
[EventDate "2005.08.20"]

1. d4 Nf6 2. c4 e6 3. Nc3 Bb4 4. Qc2 d5 5. cxd5 exd5 6. Bg5 c5 7. dxc5 h6 8.
Bh4 g5 9. Bg3 Ne4 10. e3 Qa5 11. Nge2 Bf5 12. Bxb8 Rxb8 13. Nd4 Bd7 14. Nb3
Bxc3+ 1/2-1/2

[Event "XXV Festival Conca della Presolana A"]
[Site "Bratto - Castione della Presolana ITA"]
[Date "2005.08.22"]
[Round "3"]
[White "Manzoni, Alessandro"]
[Black "De Santis, Alessio"]
[Result "0-1"]
[WhiteElo "2086"]
[BlackElo "2251"]
[PlyCount "76"]
[EventDate "2005.08.20"]

1. e4 c5 2. Nc3 e6 3. g3 a6 4. Bg2 Nc6 5. Nge2 h5 6. h3 Qc7 7. O-O b5 8. d3 Bb7
9. Be3 d6 10. f4 Nf6 11. f5 b4 12. Na4 e5 13. Rc1 Be7 14. Bf3 Nd4 15. Bxd4 exd4
16. Re1 h4 17. Kg2 hxg3 18. Nxg3 Nd7 19. c3 dxc3 20. d4 cxd4 21. Qxd4 Qa5 22.
bxc3 Qxa4 23. cxb4 Bf6 24. Qd2 Be5 25. Rc7 Rb8 26. Rec1 O-O 27. Bd1 Qa3 28. Bb3
Nf6 29. Qe3 Qxb4 30. R1c4 Qa5 31. Re7 Bxg3 32. Rcc7 Bxe4+ 33. Kxg3 d5 34. Qa7
Qe1+ 35. Kf4 Qf1+ 36. Ke5 Qxf5+ 37. Kd6 Rbd8+ 38. Kc5 d4+ 0-1

[Event "XXV Festival Conca della Presolana A"]
[Site "Bratto - Castione della Presolana ITA"]
[Date "2005.08.22"]
[Round "3"]
[White "Marzano, Carlo"]
[Black "Magrini, Fabrizio"]
[Result "0-1"]
[WhiteElo "2201"]
[BlackElo "1996"]
[PlyCount "110"]
[EventDate "2005.08.20"]

1. d4 Nf6 2. Nf3 g6 3. Nc3 d5 4. Bf4 c6 5. e3 Bg7 6. Be2 Nbd7 7. Ne5 Nf8 8. g4
Ne6 9. Bg3 Qb6 10. a3 Ng5 11. f3 h5 12. Bh4 Ne6 13. Bf2 hxg4 14. Nxg4 Ng5 15.
Nxf6+ Bxf6 16. h4 Nh3 17. Bg3 Bxh4 18. Bxh4 Rxh4 19. Bf1 Nf2 20. Rxh4 Nxd1 21.
Nxd1 Kf8 22. c4 Kg7 23. c5 Qc7 24. Kf2 Bf5 25. f4 f6 26. Nc3 e5 27. Bg2 Rh8 28.
Rah1 Rxh4 29. Rxh4 exd4 30. exd4 g5 31. fxg5 fxg5 32. Rh1 Qf4+ 33. Ke2 Bg4+ 34.
Ke1 Qe3+ 35. Kf1 Qc1+ 36. Kf2 Qxb2+ 37. Kg3 Qxc3+ 38. Kxg4 Kg6 39. Rf1 Qxd4+
40. Kg3 Qh4+ 41. Kf3 Qf4+ 42. Ke2 Qc4+ 43. Kf2 Qxc5+ 44. Kg3 Qxa3+ 45. Kg4 b5
46. Bf3 b4 47. Re1 b3 48. Re6+ Kf7 49. Kf5 b2 50. Bh5+ Kg7 51. Rg6+ Kh7 52. Rf6
b1=Q+ 53. Kxg5 Qg3+ 54. Bg4 Qc1+ 55. Kh5 Qh1+ 0-1

[Event "XXV Festival Conca della Presolana A"]
[Site "Bratto - Castione della Presolana ITA"]
[Date "2005.08.22"]
[Round "3"]
[White "Mazzilli, Piero"]
[Black "Sautto, Daniele"]
[Result "1-0"]
[WhiteElo "2341"]
[BlackElo "2136"]
[PlyCount "117"]
[EventDate "2005.08.20"]

1. e4 d5 2. exd5 Qxd5 3. Nc3 Qe5+ 4. Be2 c6 5. Nf3 Qc7 6. d4 Bf5 7. Ne5 Nd7 8.
Bf4 Nxe5 9. Bxe5 Qd8 10. g4 Bg6 11. Qd2 e6 12. O-O-O Nf6 13. g5 Nd5 14. Nxd5
Qxd5 15. Kb1 Rg8 16. Ka1 Qd7 17. c4 Bd6 18. Bxd6 Qxd6 19. d5 O-O-O 20. Qa5 Qe5
21. Qxa7 exd5 22. Bg4+ Kc7 23. cxd5 Ra8 24. Qc5 Qd6 25. Qxd6+ Kxd6 26. dxc6+
Kxc6 27. Bf3+ Kc7 28. Rd4 Bf5 29. Rc1+ Kb8 30. Rc5 Be6 31. b3 Rc8 32. Rxc8+
Kxc8 33. Rb4 Ra7 34. Kb2 Kc7 35. a4 b6 36. Rb5 Bd7 37. Re5 Kd6 38. Rd5+ Kc7 39.
h4 Be6 40. Rb5 Bd7 41. Re5 Kd6 42. Rd5+ Ke7 43. Rd4 Ra5 44. Be4 h6 45. gxh6
gxh6 46. Bd3 Rc5 47. Rc4 Rd5 48. Kc3 b5 49. Re4+ Kf8 50. Bxb5 Bxb5 51. axb5
Rxb5 52. b4 Rf5 53. f4 Rh5 54. Kc4 Rxh4 55. b5 Rh1 56. b6 Kg7 57. Kc5 Rc1+ 58.
Rc4 Rb1 59. Rb4 1-0

[Event "XXV Festival Conca della Presolana A"]
[Site "Bratto - Castione della Presolana ITA"]
[Date "2005.08.22"]
[Round "3"]
[White "Miatello, Alberto"]
[Black "Guido, Flavio"]
[Result "0-1"]
[WhiteElo "2095"]
[BlackElo "2305"]
[PlyCount "60"]
[EventDate "2005.08.20"]

1. e4 c5 2. Nf3 e6 3. d4 cxd4 4. Nxd4 Nf6 5. Nc3 d6 6. Be2 a6 7. a4 Be7 8. O-O
O-O 9. Be3 Qc7 10. f4 Nc6 11. Kh1 Re8 12. Nxc6 bxc6 13. a5 c5 14. Bf3 Rb8 15.
Na4 Bb7 16. e5 dxe5 17. Bxb7 Rxb7 18. Qf3 e4 19. Qe2 Qc6 20. c3 Nd5 21. f5 Bf8
22. Bg1 exf5 23. Rxf5 g6 24. Rff1 Bd6 25. Qc4 e3 26. b4 e2 27. Nxc5 exf1=Q 28.
Rxf1 Bxc5 29. bxc5 Ne3 30. Bxe3 Rxe3 0-1

[Event "XXV Festival Conca della Presolana A"]
[Site "Bratto - Castione della Presolana ITA"]
[Date "2005.08.22"]
[Round "3"]
[White "Mihalj, Miroslav M."]
[Black "Vinzoni, Andrea"]
[Result "1-0"]
[WhiteElo "2298"]
[BlackElo "2108"]
[PlyCount "79"]
[EventDate "2005.08.20"]

1. e4 e6 2. d4 d5 3. Nd2 c5 4. exd5 Qxd5 5. Ngf3 cxd4 6. Bc4 Qd6 7. O-O Nf6 8.
Nb3 Nc6 9. Nbxd4 Nxd4 10. Nxd4 a6 11. c3 Qc7 12. Qe2 Bd6 13. h3 O-O 14. Bg5 b5
15. Bxf6 gxf6 16. Bd3 f5 17. Rfe1 Kh8 18. Qh5 Rg8 19. Be2 Bb7 20. Bf3 Rg6 21.
Bxb7 Qxb7 22. Qf3 Qxf3 23. Nxf3 Rag8 24. g3 f4 25. Rad1 e5 26. Nxe5 Bxe5 27.
Rxe5 fxg3 28. f4 g2 29. Rd3 h6 30. Re2 Rg3 31. Ree3 R3g6 32. Rd2 Rg3 33. Rxg3
Rxg3 34. Rxg2 Rxh3 35. Rh2 Rxh2 36. Kxh2 Kg7 37. Kg3 Kf6 38. b3 Kf5 39. Kf3 Ke6
40. Kg4 1-0

[Event "XXV Festival Conca della Presolana A"]
[Site "Bratto - Castione della Presolana ITA"]
[Date "2005.08.22"]
[Round "3"]
[White "Moncelli, Giorgio"]
[Black "Pegoraro, Nicola"]
[Result "1-0"]
[WhiteElo "2149"]
[BlackElo "2085"]
[PlyCount "75"]
[EventDate "2005.08.20"]

1. e4 c5 2. Nf3 d6 3. d4 cxd4 4. Nxd4 Nf6 5. Nc3 a6 6. Be2 e5 7. Nb3 Be7 8. O-O
O-O 9. Re1 Be6 10. Bf1 b5 11. Nd5 Nxd5 12. exd5 Bf5 13. Bd2 Qd7 14. a4 Rc8 15.
c4 bxc4 16. Na5 Bd3 17. Bxd3 cxd3 18. Qb3 Qf5 19. Nc4 Nd7 20. Ne3 Qf6 21. Qxd3
Nc5 22. Qe2 Nb3 23. Rad1 Qg6 24. Bc3 f5 25. f4 e4 26. Nc4 Bd8 27. a5 Rab8 28.
Qf1 Rb5 29. Re3 Nxa5 30. Rg3 Qxg3 31. hxg3 Nxc4 32. Qe2 Rb3 33. Qh5 Bb6+ 34.
Kh2 Ne3 35. Ra1 a5 36. Qg5 Rc7 37. Bd4 Rb7 38. Bxb6 1-0

[Event "XXV Festival Conca della Presolana A"]
[Site "Bratto - Castione della Presolana ITA"]
[Date "2005.08.22"]
[Round "3"]
[White "Mosconi, Ariel Oscar"]
[Black "Cardini, Saverio"]
[Result "1-0"]
[WhiteElo "2102"]
[BlackElo "2010"]
[PlyCount "35"]
[EventDate "2005.08.20"]

1. e4 e5 2. Nf3 Nc6 3. Be2 Nf6 4. d4 exd4 5. e5 Ng4 6. O-O Ngxe5 7. Nxe5 Nxe5
8. Qxd4 Nc6 9. Qc3 d5 10. Bb5 Bd7 11. Bxc6 Bxc6 12. Re1+ Kd7 13. Qh3+ Kd6 14.
Bf4+ Kc5 15. Qc3+ Kb6 16. Be3+ Ka6 17. a4 Qh4 18. Nd2 1-0

[Event "XXV Festival Conca della Presolana A"]
[Site "Bratto - Castione della Presolana ITA"]
[Date "2005.08.22"]
[Round "3"]
[White "Nardelli, Marco"]
[Black "Brigati, Alessandro"]
[Result "1-0"]
[WhiteElo "2108"]
[BlackElo "2034"]
[PlyCount "147"]
[EventDate "2005.08.20"]

1. e4 d6 2. d4 Nf6 3. Nc3 g6 4. g3 Bg7 5. Bg2 O-O 6. Nge2 e5 7. h3 Nc6 8. Be3
exd4 9. Nxd4 Bd7 10. O-O Re8 11. Re1 h6 12. Qd2 Kh7 13. Rad1 a6 14. a4 Qe7 15.
b3 Rad8 16. Nxc6 Bxc6 17. Nd5 Bxd5 18. exd5 Qd7 19. Bd4 Rxe1+ 20. Rxe1 Re8 21.
c4 Qd8 22. a5 Rxe1+ 23. Qxe1 Nd7 24. Be3 b6 25. h4 Ne5 26. axb6 cxb6 27. Qb4 b5
28. cxb5 axb5 29. Qxb5 Ng4 30. Bb6 Qe7 31. Qb4 h5 32. f3 Ne3 33. Qe4 Qxe4 34.
fxe4 Nc2 35. Bf1 Bc3 36. Kf2 Bb4 37. Bd3 Na1 38. Bc4 Nc2 39. Ke2 f6 40. Bf2 Ba3
41. Kd2 Nb4 42. Bd4 Kg7 43. Bb6 Kf7 44. Ba5 Ke7 45. Bb5 Na2 46. b4 Nxb4 47. Kc3
Nxd5+ 48. exd5 Bc5 49. Bd3 f5 50. Kc4 Bf2 51. Bd2 Bxg3 52. Bg5+ Kf7 53. Bc2 Ke8
54. Ba4+ Kf7 55. Bd7 Kf8 56. Kb5 Kg7 57. Kc6 Kf8 58. Kc7 Kg7 59. Be6 Kf8 60.
Kd7 Kg7 61. Ke7 Be5 62. Bd7 f4 63. Bh3 f3 64. Kd7 Kf7 65. Kc6 Kg7 66. Kb5 Bd4
67. Kc4 Bc5 68. Kd3 Bb6 69. Ke4 f2 70. Kf3 Bd4 71. Bf1 Kf7 72. Be2 Kg7 73. Ke4
Bc5 74. Be3 1-0

[Event "XXV Festival Conca della Presolana A"]
[Site "Bratto - Castione della Presolana ITA"]
[Date "2005.08.22"]
[Round "3"]
[White "Paolinelli, Giacomo"]
[Black "Xia, Jie"]
[Result "0-1"]
[WhiteElo "2042"]
[BlackElo "2121"]
[PlyCount "112"]
[EventDate "2005.08.20"]

1. e4 c5 2. Nc3 e6 3. Nge2 Nc6 4. g3 g6 5. Bg2 Bg7 6. d3 Nge7 7. Be3 Nd4 8. Nf4
Qa5 9. O-O O-O 10. Qd2 Nec6 11. a3 b5 12. Rfb1 Qb6 13. Nce2 a5 14. Bxd4 Nxd4
15. Nxd4 cxd4 16. c3 Bb7 17. Ne2 dxc3 18. bxc3 Rfc8 19. Rb3 Qc5 20. Rbb1 Ba6
21. d4 Qc7 22. Rb2 Rab8 23. e5 Bf8 24. Raa2 b4 25. cxb4 axb4 26. axb4 Bxe2 27.
Qxe2 Rxb4 28. Rxb4 Bxb4 29. Be4 Qb6 30. Rc2 Rxc2 31. Bxc2 Qxd4 32. Qd3 Qa7 33.
Qd1 Bc5 34. Qe2 Bd4 35. Kg2 Qa1 36. Qd3 h5 37. Qd2 Kg7 38. Qd3 Qb2 39. f4 Qa1
40. Qf1 Qa7 41. Qd3 Bb6 42. Qe2 Qc7 43. Qd3 Qc5 44. Qe2 Qd4 45. Qd3 Qf2+ 46.
Kh3 h4 47. Qe4 hxg3 48. hxg3 Qf1+ 49. Qg2 Qc4 50. Qd2 Qc8 51. Qd3 Qh8+ 52. Kg2
Qa8+ 53. Qf3 Qa2 54. Qe2 Qa1 55. Qf1 Qd4 56. Qf3 Qd2+ 0-1

[Event "XXV Festival Conca della Presolana A"]
[Site "Bratto - Castione della Presolana ITA"]
[Date "2005.08.22"]
[Round "3"]
[White "Papa, Angelo"]
[Black "Pace, Pietro Dario"]
[Result "1/2-1/2"]
[WhiteElo "1932"]
[BlackElo "2198"]
[PlyCount "81"]
[EventDate "2005.08.20"]

1. d4 d5 2. Nf3 Nf6 3. c4 c6 4. cxd5 cxd5 5. Nc3 Nc6 6. Bf4 a6 7. e3 e6 8. Rc1
Bd6 9. Bxd6 Qxd6 10. Bd3 O-O 11. O-O b5 12. Qe2 Bb7 13. Rfd1 g6 14. Bb1 Ne7 15.
Ne5 Kg7 16. f4 Rac8 17. g4 Ne4 18. Bxe4 dxe4 19. g5 Nf5 20. Ng4 Qe7 21. Nf6 h5
22. Ncxe4 Nd6 23. Nc5 Ba8 24. Ncd7 Rfd8 25. Rxc8 Nxc8 26. Rc1 Nd6 27. Ne5 Qb7
28. e4 Nf5 29. d5 Ne7 30. Nc6 Nxc6 31. dxc6 Qc7 32. e5 Bxc6 33. Ne4 Rd4 34. Nd6
Qb6 35. Qf2 Ba8 36. h4 Kh7 37. Kf1 Rxd6 38. exd6 Qxd6 39. b3 Qd3+ 40. Ke1 Bf3
41. Qd2 1/2-1/2

[Event "XXV Festival Conca della Presolana A"]
[Site "Bratto - Castione della Presolana ITA"]
[Date "2005.08.22"]
[Round "3"]
[White "Pechy, Alaster"]
[Black "Vezzosi, Paolo"]
[Result "0-1"]
[WhiteElo "2168"]
[BlackElo "2380"]
[PlyCount "70"]
[EventDate "2005.08.20"]

1. d4 d5 2. c4 e6 3. Nc3 Nf6 4. Bg5 Nbd7 5. e3 c6 6. Qc2 Qa5 7. cxd5 Nxd5 8. e4
Nxc3 9. Bd2 e5 10. bxc3 Bd6 11. Nf3 O-O 12. Bd3 Qc7 13. O-O c5 14. dxe5 Nxe5
15. Nxe5 Bxe5 16. f4 c4 17. Be2 Qc5+ 18. Kh1 Bc7 19. Rf3 Bg4 20. Be3 Qc6 21.
Rg3 Bxe2 22. Qxe2 f6 23. Bd2 Rad8 24. Re1 Rfe8 25. Rh3 b5 26. f5 Qd7 27. Qh5
Qxd2 28. Qxh7+ Kf8 29. Qh8+ Kf7 30. Qh5+ Ke7 31. Rf1 Rh8 32. Qg4 Qg5 33. Qf3
Rxh3 34. gxh3 Qd2 35. Rf2 Qd1+ 0-1

[Event "XXV Festival Conca della Presolana A"]
[Site "Bratto - Castione della Presolana ITA"]
[Date "2005.08.22"]
[Round "3"]
[White "Piantoni, Roberto"]
[Black "Cedriano, Filippo"]
[Result "1/2-1/2"]
[WhiteElo "2186"]
[BlackElo "2005"]
[PlyCount "51"]
[EventDate "2005.08.20"]

1. Nf3 c5 2. e3 e6 3. d4 d5 4. c3 Nf6 5. Nbd2 Nbd7 6. Bd3 Bd6 7. O-O O-O 8. Re1
c4 9. Bc2 b5 10. e4 dxe4 11. Nxe4 Nxe4 12. Bxe4 Rb8 13. Qe2 Qc7 14. Bd2 Bb7 15.
Rad1 Bxe4 16. Qxe4 Nf6 17. Qh4 b4 18. Ne5 bxc3 19. bxc3 Rb5 20. Bh6 Nd5 21.
Bxg7 Kxg7 22. Re3 Nxe3 23. Qg5+ Kh8 24. Qf6+ Kg8 25. Qg5+ Kh8 26. Qf6+ 1/2-1/2

[Event "XXV Festival Conca della Presolana A"]
[Site "Bratto - Castione della Presolana ITA"]
[Date "2005.08.22"]
[Round "3"]
[White "Pieri, Enzo"]
[Black "Raselli, Claudio"]
[Result "0-1"]
[WhiteElo "1959"]
[BlackElo "2063"]
[PlyCount "72"]
[EventDate "2005.08.20"]

1. e4 c5 2. Nf3 d6 3. d4 cxd4 4. Nxd4 Nf6 5. Nc3 a6 6. Be2 e5 7. Nb3 Be7 8. Be3
Be6 9. O-O O-O 10. Kh1 Qc7 11. Rc1 Nbd7 12. Nd5 Nxd5 13. exd5 Bf5 14. f4 exf4
15. Bxf4 Bg6 16. Rf3 Bf6 17. c3 Rfe8 18. Bd3 Ne5 19. Bxe5 Rxe5 20. Bxg6 hxg6
21. Qd3 Rae8 22. Rcf1 Qe7 23. Na5 Re2 24. R3f2 Rxf2 25. Rxf2 Qc7 26. Nb3 Qe7
27. Kg1 Bg5 28. Rf1 Qe2 29. Qxe2 Rxe2 30. Rb1 Be3+ 31. Kh1 b6 32. h3 f5 33. Kh2
f4 34. h4 f3 35. Kg3 fxg2 36. Nd4 Rxb2 0-1

[Event "XXV Festival Conca della Presolana A"]
[Site "Bratto - Castione della Presolana ITA"]
[Date "2005.08.22"]
[Round "3"]
[White "Podini, Francesco"]
[Black "Buono, Michele"]
[Result "1/2-1/2"]
[WhiteElo "2062"]
[BlackElo "2133"]
[PlyCount "70"]
[EventDate "2005.08.20"]

1. e4 c6 2. c4 e5 3. Nf3 d6 4. d4 Qc7 5. Nc3 Bg4 6. Be2 Nf6 7. O-O Nbd7 8. Be3
Be7 9. Ne1 Bxe2 10. Qxe2 O-O 11. Rc1 Rfe8 12. f3 Rad8 13. d5 c5 14. g3 Bf8 15.
Ng2 a6 16. a4 Rb8 17. Nh4 g6 18. Qd2 Bg7 19. Rce1 Qb6 20. Qc2 Nh5 21. Re2 Qd8
22. Ng2 Qa5 23. Bd2 Qb6 24. Ra1 Qd8 25. Rae1 Qf6 26. Qd3 b6 27. h4 h6 28. Kf2
Kh7 29. Rh1 Kg8 30. Ne3 Kh7 31. Ng2 Qe7 32. g4 Nhf6 33. Ne3 h5 34. Kg3 Rf8 35.
Ng2 Qe8 1/2-1/2

[Event "XXV Festival Conca della Presolana A"]
[Site "Bratto - Castione della Presolana ITA"]
[Date "2005.08.22"]
[Round "3"]
[White "Pulvirenti, Gianni"]
[Black "Lanzani, Giuliano"]
[Result "1/2-1/2"]
[WhiteElo "1965"]
[BlackElo "2074"]
[PlyCount "43"]
[EventDate "2005.08.20"]

1. d4 d5 2. Nf3 e6 3. Bg5 Be7 4. Bxe7 Qxe7 5. c3 Nd7 6. e3 Ngf6 7. Nbd2 e5 8.
dxe5 Nxe5 9. Nxe5 Qxe5 10. Nf3 Qe7 11. Bd3 O-O 12. Qc2 c5 13. O-O Bg4 14. Be2
Rfd8 15. Rad1 Rd6 16. h3 Bh5 17. Rfe1 Ne4 18. c4 Rad8 19. cxd5 Rxd5 20. Rxd5
Rxd5 21. Rd1 Rxd1+ 22. Qxd1 1/2-1/2

[Event "XXV Festival Conca della Presolana A"]
[Site "Bratto - Castione della Presolana ITA"]
[Date "2005.08.22"]
[Round "3"]
[White "Ranfagni, Stefano"]
[Black "Vinciguerra, Marco"]
[Result "1-0"]
[WhiteElo "1934"]
[BlackElo "2096"]
[PlyCount "113"]
[EventDate "2005.08.20"]

1. e4 d5 2. exd5 Nf6 3. Nf3 Nxd5 4. d4 g6 5. Bc4 Bg7 6. O-O O-O 7. Re1 Nc6 8.
c3 Re8 9. Ng5 e6 10. Qf3 Nf6 11. Nd2 Na5 12. Bd3 e5 13. Nde4 Bf5 14. dxe5 Nxe4
15. Bxe4 Bxe5 16. Nxf7 Kxf7 17. g4 Qh4 18. h3 Kg8 19. gxf5 gxf5 20. Qxf5 Bf6
21. Kh1 Rad8 22. Rg1+ Kh8 23. Bf4 Nc4 24. Bg3 Qxe4+ 25. Qxe4 Rxe4 26. Bxc7 Rd2
27. Rg2 Re7 28. Bf4 Rde2 29. b3 Re1+ 30. Rxe1 Rxe1+ 31. Kh2 Be5 32. Kg3 Nd6 33.
Kf3 Bxf4 34. Kxf4 Re4+ 35. Kf3 Re7 36. Rg4 Nb5 37. c4 Nc3 38. a4 Nd1 39. Rg1
Rf7+ 40. Ke2 Nc3+ 41. Ke3 Re7+ 42. Kf3 Ne4 43. Rd1 Kg7 44. a5 Kf6 45. b4 Ng5+
46. Kg2 Ke6 47. c5 Nf7 48. b5 a6 49. b6 Rd7 50. Rc1 Kd5 51. Kf3 Kc6 52. Kg4 Kb5
53. Kf5 Kxa5 54. Ke6 Rd2 55. Kxf7 Rxf2+ 56. Kg7 Kb5 57. c6 1-0

[Event "XXV Festival Conca della Presolana A"]
[Site "Bratto - Castione della Presolana ITA"]
[Date "2005.08.22"]
[Round "3"]
[White "Ranieri, Fabrizio"]
[Black "Brunner, Nicolas"]
[Result "0-1"]
[WhiteElo "2204"]
[BlackElo "2386"]
[PlyCount "82"]
[EventDate "2005.08.20"]

1. e4 c5 2. Nf3 Nc6 3. d4 cxd4 4. Nxd4 g6 5. Nc3 Bg7 6. Be3 Nf6 7. Qd2 O-O 8.
O-O-O Ng4 9. Nxc6 bxc6 10. f4 Nxe3 11. Qxe3 d6 12. Bc4 Qa5 13. h3 Be6 14. Bxe6
fxe6 15. h4 Rab8 16. Rd3 Bxc3 17. bxc3 Qxa2 18. Kd2 Rb2 19. Rc1 Qa5 20. g4 Qb6
21. Qg3 a5 22. g5 d5 23. h5 dxe4 24. Rd4 Rd8 25. Ke3 Rxd4 26. cxd4 Rxc2 27. Qe1
Qb3+ 28. Kxe4 Ra2 29. hxg6 hxg6 30. Rc3 Qd5+ 31. Kd3 Qf5+ 32. Ke3 Rh2 33. Qf1
Qh3+ 34. Qxh3 Rxh3+ 35. Kd2 Rxc3 36. Kxc3 e5 37. fxe5 Kf7 38. Kb3 Ke6 39. Ka4
Kd5 40. Kxa5 Kxd4 41. Kb6 Kxe5 0-1

[Event "XXV Festival Conca della Presolana A"]
[Site "Bratto - Castione della Presolana ITA"]
[Date "2005.08.22"]
[Round "3"]
[White "Rendle, Thomas E."]
[Black "Dervishi, Erald"]
[Result "0-1"]
[WhiteElo "2358"]
[BlackElo "2482"]
[PlyCount "76"]
[EventDate "2005.08.20"]

1. e4 e5 2. Nf3 Nc6 3. Bb5 a6 4. Ba4 Nf6 5. O-O Be7 6. Re1 b5 7. Bb3 d6 8. c3
O-O 9. h3 Bb7 10. d4 Re8 11. Nbd2 Bf8 12. d5 Nb8 13. Nf1 Nbd7 14. N3h2 h5 15.
Bg5 g6 16. Qf3 Be7 17. a3 Nh7 18. Bxe7 Qxe7 19. Qg3 Kh8 20. Ba2 Rg8 21. Qe3 f5
22. f3 f4 23. Qf2 Ndf6 24. c4 g5 25. Rac1 g4 26. hxg4 hxg4 27. Nxg4 Nxg4 28.
fxg4 Rxg4 29. Rc3 Rag8 30. Re2 Rh4 31. Nh2 Rh5 32. cxb5 Ng5 33. Bc4 Qh7 34. g4
axb5 35. Kf1 Nxe4 36. Bd3 Nxf2 37. Bxh7 Rxh7 38. Rxf2 Bxd5 0-1

[Event "XXV Festival Conca della Presolana A"]
[Site "Bratto - Castione della Presolana ITA"]
[Date "2005.08.22"]
[Round "3"]
[White "Rigo, Gianfrancesco"]
[Black "Rorato, Renzo"]
[Result "0-1"]
[WhiteElo "2031"]
[BlackElo "2120"]
[PlyCount "76"]
[EventDate "2005.08.20"]

1. e4 c5 2. Nf3 d6 3. d4 cxd4 4. Nxd4 Nf6 5. Nc3 a6 6. Bc4 e6 7. Bb3 b5 8. O-O
Be7 9. f4 Bb7 10. e5 dxe5 11. fxe5 Bc5 12. Be3 Nc6 13. exf6 Bxd4 14. fxg7 Rg8
15. Ne4 Bxe3+ 16. Kh1 Qxd1 17. Raxd1 Rxg7 18. Nd6+ Ke7 19. Nxb7 Ra7 20. Nd6 Rd7
21. Ne4 Rxd1 22. Rxd1 Rg4 23. Nc3 Rd4 24. Bd5 Rxd1+ 25. Nxd1 exd5 26. Nxe3 d4
27. Nd5+ Kd6 28. Nf4 Nb4 29. Nd3 Nxc2 30. Kg1 a5 31. a3 b4 32. axb4 Nxb4 33.
Nf2 Kd5 34. Kf1 Kc4 35. Ke2 Kb3 36. Nd1 Kc2 37. Ke1 Nd3+ 38. Ke2 Nxb2 0-1

[Event "XXV Festival Conca della Presolana A"]
[Site "Bratto - Castione della Presolana ITA"]
[Date "2005.08.22"]
[Round "3"]
[White "Sanchez, Joseph"]
[Black "Di Paolo, Raffaele"]
[Result "1/2-1/2"]
[WhiteElo "2452"]
[BlackElo "2271"]
[PlyCount "80"]
[EventDate "2005.08.20"]

1. e4 e6 2. d4 d5 3. Nc3 Bb4 4. e5 c5 5. a3 Bxc3+ 6. bxc3 Ne7 7. Nf3 b6 8. Bb5+
Bd7 9. a4 Bxb5 10. axb5 a5 11. Ba3 Nd7 12. O-O Rc8 13. c4 dxc4 14. Nd2 Nf5 15.
Ne4 O-O 16. c3 Qh4 17. Re1 Rfd8 18. Bc1 h6 19. g3 Qe7 20. g4 Nxe5 21. gxf5 exf5
22. Qh5 Nd3 23. Bg5 Qb7 24. Re3 hxg5 25. Rh3 Kf8 26. Qxg5 f6 27. Rh8+ Kf7 28.
Qxf5 Qxe4 29. Qxe4 Rxh8 30. Qd5+ Kg6 31. Qxc4 Nf4 32. dxc5 Nh3+ 33. Kf1 Rxc5
34. Qe4+ Rf5 35. Qg4+ Rg5 36. Qe4+ Kf7 37. Qc4+ Kg6 38. Qe4+ Kf7 39. Qb7+ Kg6
40. Qe4+ Kf7 1/2-1/2

[Event "XXV Festival Conca della Presolana A"]
[Site "Bratto - Castione della Presolana ITA"]
[Date "2005.08.22"]
[Round "3"]
[White "Scotti, Umberto"]
[Black "Ranola, Yves"]
[Result "1-0"]
[WhiteElo "2158"]
[BlackElo "2466"]
[PlyCount "87"]
[EventDate "2005.08.20"]

1. d4 Nf6 2. Nf3 e6 3. e3 b6 4. Bd3 Bb7 5. O-O Be7 6. c4 O-O 7. Nc3 c5 8. b3 d5
9. Bb2 Nc6 10. Rc1 dxc4 11. bxc4 cxd4 12. exd4 Rc8 13. Ne4 Na5 14. Nxf6+ Bxf6
15. Qe2 Qd6 16. Rfd1 Qf4 17. Qe3 Qxe3 18. fxe3 Ba6 19. Ba3 Rfd8 20. c5 Bxd3 21.
Rxd3 b5 22. Nd2 Rd5 23. Kf2 e5 24. Ne4 exd4 25. Nxf6+ gxf6 26. exd4 Nc6 27.
Rcd1 Re8 28. Re3 Re6 29. Rxe6 fxe6 30. Ke3 Kf7 31. Bb2 e5 32. Ke4 Ke6 33. g4 h5
34. Rf1 exd4 35. Rxf6+ Kxf6 36. Kxd5 Nb4+ 37. Kd6 hxg4 38. Bxd4+ Kf5 39. c6
Nxc6 40. Kxc6 a6 41. Kb6 Ke4 42. Bc3 Kd3 43. Bb4 Kc4 44. a3 1-0